Drets humans / (Record no. 136974)

MARC details
000 -CABECERA
campo de control de longitud fija 01524nam a22003374i 4500
001 - NÚMERO DE CONTROL
campo de control 991061597658306706
003 - IDENTIFICADOR DEL NÚMERO DE CONTROL
campo de control ES-BaIT
005 - FECHA Y HORA DE LA ÚLTIMA TRANSACCIÓN
campo de control 20260130142021.0
008 - DATOS DE LONGITUD FIJA--INFORMACIÓN GENERAL
campo de control de longitud fija 260127s2024 sp 000 0 cat c
017 ## - NÚMERO DE COPYRIGHT O DE DEPÓSITO LEGAL
Número de copyright o de depósito legal DL PM 00497-2024
Agencia que asigna Oficina DL Mallorca
020 ## - NÚMERO INTERNACIONAL ESTÁNDAR DEL LIBRO
Número Internacional Estándar del Libro 9788412827095
040 ## - FUENTE DE LA CATALOGACIÓN
Centro catalogador/agencia de origen ES-BaIT
Lengua de catalogación cat
Normas de descripción rda
Centro/agencia transcriptor ES-BaIT
080 ## - NÚMERO DE LA CLASIFICACIÓN DECIMAL UNIVERSAL
Número de la Clasificación Decimal Universal 849.9-2"20"
100 1# - ENTRADA PRINCIPAL--NOMBRE DE PERSONA
Nombre de persona Ruiz, Xavier,
Fechas asociadas al nombre 1976-
Término indicativo de función/relación autor
9 (RLIN) 168251
245 10 - MENCIÓN DE TÍTULO
Título Drets humans /
Mención de responsabilidad, etc. Xavier Ruiz
264 #1 - PRODUCCIÓN, PUBLICACIÓN, DISTRIBUCIÓN, FABRICACIÓN Y COPYRIGHT
Producción, publicación, distribución, fabricación y copyright Mallorca :
Nombre del de productor, editor, distribuidor, fabricante AdiA Edicions,
Fecha de producción, publicación, distribución, fabricación o copyright 2024
300 ## - DESCRIPCIÓN FÍSICA
Extensión 136 pàgines ;
Dimensiones 19 cm
336 ## - TIPO DE CONTENIDO
Término de tipo de contenido text
Código de tipo de contenido txt
Fuente rdacontent
337 ## - TIPO DE MEDIO
Nombre/término del tipo de medio sense mediació
Código del tipo de medio n
Fuente rdamedia
338 ## - TIPO DE SOPORTE
Nombre/término del tipo de soporte volum
Código del tipo de soporte nc
Fuente rdacarrier
490 1# - MENCIÓN DE SERIE
Mención de serie Col·lecció Jàssera
Designación de volumen o secuencia ; 5
500 ## - NOTA GENERAL
Nota general Sense llista de personatges
520 ## - SUMARIO, ETC.
Sumario, etc. "La Segona Guerra Mundial ja ha acabat a Europa i està en vies de finalitzar a les costes del Pacífic. Les forces aliades impulsen la creació de les Nacions Unides. Entre els seus projectes més ambiciosos es compta la redacció d’una declaració que reculli els drets dels éssers humans amb independència de qualsevol consideració aliena a la pròpia naturalesa humana. Una dona, Eleanor Roosevelt, és designada per dur a terme aquesta monumental tasca." -- Contracoberta
586 ## - NOTA DE PREMIOS
Nota de premios III Premi Vila de Santanyí de Teatre
600 10 - PUNTO DE ACCESO ADICIONAL DE MATERIA--NOMBRE DE PERSONA
Nombre de persona Roosevelt, Eleanor
Subdivisión de forma Textos dramàtics
9 (RLIN) 168252
650 #0 - PUNTO DE ACCESO ADICIONAL DE MATERIA--TÉRMINO DE MATERIA
Término de materia o nombre geográfico como elemento de entrada Drets humans
Subdivisión de forma Textos dramàtics
9 (RLIN) 168253
830 #0 - PUNTO DE ACCESO ADICIONAL DE SERIE-TÍTULO UNIFORME
Título uniforme Col·lecció Jàssera
9 (RLIN) 168250
Designación de volumen o secuencia 5
908 ## - COLOCAR PARÁMETRO DE COMANDO (RLIN)
Colocar parámetro de comando CDMAE
940 ## - EQUIVALENCIA O REFERENCIA-CRUZADA--TÍTULO UNIFORME [OBSOLETO] [solamente CAN/MARC]
Título uniforme <a href="CVA38">CVA38</a>
942 ## - ELEMENTOS DE ENTRADA AGREGADA (KOHA)
Fuente del sistema de clasificación o colocación Clasificación decimal universal
Tipo de ítem Koha Llibre
Holdings
Estado de retiro Estado de pérdida Fuente del sistema de clasificación o colocación Estado dañado No para préstamo Localización permanente Ubicación/localización actual Ubicación en estantería Fecha de adquisición Fuente de adquisición Total de préstamos Signatura topográfica completa Código de barras Fecha visto por última vez Precio válido a partir de Tipo de ítem Koha
    Clasificación decimal universal     Biblioteca Barcelona Biblioteca Barcelona BCN Lliure Accés 30/01/2026 Compra   849 URI dre 1900089666 30/01/2026 30/01/2026 Llibre

Powered by Koha